<?xml version="1.0" encoding="UTF-8"?>
<collection xmlns="http://www.loc.gov/MARC21/slim">
 <record>
  <leader>01534nam a2200205Ia 4500</leader>
  <controlfield tag="001">CTU_121609</controlfield>
  <controlfield tag="008">210402s9999    xx            000 0 und d</controlfield>
  <datafield tag="020" ind1=" " ind2=" ">
   <subfield code="c">487500</subfield>
  </datafield>
  <datafield tag="082" ind1=" " ind2=" ">
   <subfield code="a">354.366</subfield>
  </datafield>
  <datafield tag="082" ind1=" " ind2=" ">
   <subfield code="b">H918</subfield>
  </datafield>
  <datafield tag="245" ind1=" " ind2="0">
   <subfield code="a">Human development report 2006 :</subfield>
  </datafield>
  <datafield tag="245" ind1=" " ind2="0">
   <subfield code="b">Beyond scarcity,Powerty and the global water crisis</subfield>
  </datafield>
  <datafield tag="260" ind1=" " ind2=" ">
   <subfield code="a">New York,</subfield>
  </datafield>
  <datafield tag="260" ind1=" " ind2=" ">
   <subfield code="b">Palgrave Macmillan, Published for the United Nations Development Programme</subfield>
  </datafield>
  <datafield tag="260" ind1=" " ind2=" ">
   <subfield code="c">2006</subfield>
  </datafield>
  <datafield tag="520" ind1=" " ind2=" ">
   <subfield code="a">The 2006 Human Development Report focuses on water and human development. Water is central to the realization of human potential. It is a source of life for people and for the planet. Clean water and sanitation have a profound bearing on health and human dignity. Inequalities in access to clean water for drinking and to water as a productive input, reinforce wider inequalities in opportunity. With competition for water intensifying, there is a danger that poor and vulnerable communities will become increasingly marginalized. The twin challenge facing governments and donors is to accelerate progress towards universal access to water and sanitation; and to ensure that water management policies strengthen the rights of poor households to access water resources.</subfield>
  </datafield>
  <datafield tag="650" ind1=" " ind2=" ">
   <subfield code="a">Water resources development,Cung cấp nước,Water supply,Sustainable development,Phát triển bền vững</subfield>
  </datafield>
  <datafield tag="904" ind1=" " ind2=" ">
   <subfield code="i">Tuyến</subfield>
  </datafield>
  <datafield tag="910" ind1=" " ind2=" ">
   <subfield code="a">Điều chỉnh số phân loại tử 155 =&gt; 354.366</subfield>
  </datafield>
  <datafield tag="980" ind1=" " ind2=" ">
   <subfield code="a">Trung tâm Học liệu Trường Đại học Cần Thơ</subfield>
  </datafield>
 </record>
</collection>
